Ligna Hannover '95 opět rekordní - letos poprvé s veletrhem "interHOLZ"

Bibliographic Details
Format: Article
Language:Slovak
Czech
PhysicalDescription:Fotogr. 6
ISSN:0012-6144
Subjects:

MARC

LEADER 00000nab a2200000 a 4500
001 vtls000559732
003 SK-MaSNL
005 20260304102401.0
008 250426c1995 xo 0 slo
015 |a SNBRB19rr/mm-uuuuu 
035 |a CL0559870 
035 |a urn:nbn:sk:snk-abf2le 
035 |a (urnnbn)urn:nbn:sk:snk:ar-005akh 
035 |a (uuid)d2b1717b-82e2-4d55-9da6-bcef85ddf370 
040 |a SNKBUCL  |b slo  |c SNKBUCL  |e AACR2 
041 0 |a cze 
044 |a xo  |c SK 
080 |a 674.05:061.43(100)  |2 1981 
080 |a 674  |2 1981 
080 |a 630 8  |2 1981 
245 0 0 |a Ligna Hannover '95 opět rekordní - letos poprvé s veletrhem "interHOLZ" 
300 |b Fotogr. 6 
650 0 7 |a technika drevárska  |2 snkbucl  |9 899324 
650 0 7 |a Ligna 1995, Hannover  |2 snkbucl  |9 1386208 
650 0 7 |a drevo  |2 snkbucl  |9 3560 
650 0 7 |a materiály drevené  |2 snkbucl  |9 945782 
650 0 7 |a InterHOLZ 1995, Hannover  |2 snkbucl  |9 1399324 
655 7 |a články z novín a časopisov  |2 snkbucl  |9 267496 
773 0 |t Drevo  |g Roč. 50, č. 7-8 (1995), s. 163-165  |x 0012-6144 
850 |a Slovenská národná knižnica 
852 |a Slovenská národná knižnica 
954 |a odborná, vedecká literatúra cudzojazyčná (svetová)  |2 lita 
958 |a article27 
958 |a RK 
958 |a DE 
958 |a OND 
958 |a EUIPO 
992 |a RBX 
999 |c 2844779  |d 2846709